| 000 | 01194nam0a22002891 4500 | ||
|---|---|---|---|
| 001 | rc\4318 | ||
| 005 | 20250612181326.0 | ||
| 035 | _a(NLR Aleph) 008774041 | ||
| 090 |
_a7941648 _c7941648 |
||
| 100 | _a20021204d1991 |||y0rusy50 ca | ||
| 101 | 0 | _arus | |
| 102 | _aRU | ||
| 105 | _aa ||||||||| | ||
| 200 | 1 |
_aЗАРЯДОВАЯ нейтрализация РЭП проходящего сквозь металлическую фольгу _fКотетишвили П.В., Рухадзе А.А., Рыбак П.В., Тараканов В.П. |
|
| 210 |
_aМ. _cБ. и. _d1991 |
||
| 215 |
_a27 с. _cил. _d20 |
||
| 225 | 1 |
_aПрепринт _fИн-т общ. физики АН СССР. Теорет. отд. _v№ 9 _iФизика плазмы |
|
| 300 | _aРез. на англ. яз. | ||
| 320 | _aБиблиогр.: с. 27 | ||
| 606 | 1 |
_aЭлектронные пучки релятивистские _xПрохождение через металлическую фольгу _2nlr_sh1 |
|
| 701 | 1 |
_aКотетишвили _bП.В. |
|
| 801 | 0 |
_aRU _bNLR _gpsbo |
|
| 801 | 1 |
_aRU _bELAR _2rusmarc |
|
| 801 | 2 |
_aRU _bNLR _c20050421 _2rusmarc |
|
| 852 |
_aNLR _j91-4/7979 |
||
| 942 | _cBOOK | ||
| 980 | _aNB | ||